• 首页
  • 本馆介绍
  • 公告通知
  • 最新文献
  • 馆藏检索
  • 电子资源
  • 读者导购
  • 参考咨询
  • 我的图书馆
  • 登录
  • 详细信息显示
  • 放入我的书架
  • 预约/预借图书
  • 作者相关作品
  • 分类相关作品
  • 丛书相关作品
  • 出版社相关作品

书目信息

  • 表格格式
  • 工作单格式
  • 卡片格式
题名:
现代汉语常用字表
    
 
作者: ;国家语言文字工作委员会汉字处 编
分册:  
出版信息: 北京   语文出版社  1988
页数: 308页
开本: 20cm
丛书名:
单 册:
中图分类: H124.1
科图分类:
主题词:
电子资源:
ISBN: 7-80006-107-8
000 00690cam0 2200217 450
001 0100273426
005 20070419161426.0
010    @a7-80006-107-8@dCNY0.00
011    @a7-80006-107-8
100    @a19901017d1988 m y0chiy0110 ea
101 0  @achi
102    @aCN@b110000
105    @ay z 000yy
106    @ar
200 1  @a现代汉语常用字表@9Xian Dai Han Yu Chang Yong Zi Biao @f国家语言文字工作委员会汉字处编@b专著
210    @a北京@c语文出版社@d1988
215    @a308页@d20cm
690    @aH124.1@v1980
711 02 @a国家语言文字工作委员会汉字处@9guo jia yu yan wen zi gong zuo wei yuan hui han zi chu@4编
801  0 @aCN@bAiZhiMarc@c19901017
905    @aBZT@dH124.1@e13@f1@sH124.1/13
    
    现代汉语常用字表/国家语言文字工作委员会汉字处编.-北京:语文出版社,1988
    308页;20cm
    
    
    ISBN 7-80006-107-8:CNY0.00
    
●
相关链接 在五车中查询图书 在当当中查询图书 在豆瓣中查询图书


正题名:现代汉语常用字表     索取号:H124.1/13         预约/预借

序号 登录号 条形码 馆藏地/架位号 状态 备注
1 2000049007   2000049007   旧书回溯/ [索取号:H124.1/13] 在馆    
山东省滨州职业学院图书馆 欢迎您!
大连网信软件有限公司© 版权所有